Friends Characters - Statistics

General Stats
  • This quiz has been taken 1,258 times
    1,254 since last reset
  • The average score is 40 of 71
Answer Stats
Hint Answer % Correct
1. Obsessively Neat Monica
100%
3. Left A Man At the Alter Rachel
100%
2. Married A Lesbian Ross
100%
6. Threw a Girl's Wooden Leg In A Fire Joey
99%
4. Fell in love with a gay ice dancer Phoebe
99%
5. Lives In A Box Chandler
98%
7. Works at Central Perk Gunther
97%
11. #2's FIRST ex wife Carol
95%
13. #2's Son Ben
94%
14. #2's SECOND ex wife Emily
93%
15. #2's Daughter Emma
93%
9. #1 & #2 Dad Jack
92%
8. #1 & #2 Mom Judy
90%
12. #12's New wife Susan
84%
28. #5's Lover BEFORE married Janice
83%
29. #1's Lover BEFORE married Richard
83%
38. #4's Husband Mike
82%
47. #4's lover BEFORE marriage David
81%
45. #4's Twin Ursula
81%
30. #4's brother Frank
79%
48. The one #3 left at the Alter Barry
76%
60.The Monkey Marcel
76%
52. Plays #1 Courtney Cox
71%
64, #6's Agent Estelle
70%
16 - 22. Name #6's Sisters - 1 Mary Angela
69%
57. Plays #6 Matt LeBlanc
69%
53. Plays #2 David Schwimmer
68%
35.The Psycho Roommate Eddie
68%
56. Plays #5 Matthew Perry
68%
55. Plays #4 Lisa Kudrow
67%
51. Mistaken for #3's Baby Daddy Tag
66%
61. Lives below the girls Mr. Heckles
63%
26. #5's Mom Nora
63%
49. #3's best friend Mindy
62%
68. The Bald Girl Bonnie
60%
32. The Figher Pete
59%
22. 7 Cookie
57%
34. Gives up her twins Erica
56%
70. Female Palentologist Charlie
54%
41. #4's Mom that Raised Her Lily
52%
39. #39's Name Change Crap Bag
49%
37. #4's alter ego Regina Phalange
49%
27. #5's "Dad" Charles
48%
75. Last One! The Yeti Danny
45%
74. #3's Client she dates Joshua
45%
18. 3 Dina
44%
25. #6's Imaginary Friend Maurice
44%
40. #4's Name Change Princess Consuela Bananahammock
43%
54. Plays #3 Jennifer Anniston
41%
19. 4 Gina
39%
62. Ewww.. Has a Thigh Master Ugly Naked Guy
39%
50. Dated #1 and #3 Chip
38%
17. 2 Mary Therese
38%
20. 5 Tina
38%
36. The Gay Ice Dancer Duncan
36%
67. #66 Replacement Sophie
31%
33. Has a wooden leg Ginger
30%
23. #6's mom Gloria
30%
66. #65's FIRST Assistant Mark
29%
10. Manages Central Perk Terry
29%
71. Annoying Fake British Accent Amanda
26%
21. 6 Veronica
26%
65. #3's Boss that gets hit by a bus Johanna
19%
63. Custodian Treeger
18%
24. #6's dad Joseph Sr.
15%
58. Plays #7 James Michael Tyler
13%
73. The "Screamer" Tommy
12%
69. The Chick's Name Yasmine
11%
46. Who #4 lived with in the Gremlin Cindy
4%
72. #4's Stripper Roy
4%
31. Who the TV guide Comes to Miss Chanandaler Bong
3%
No matching quizzes found
Score Distribution
Percent of People with Each Score
Percentile by Number Answered
Your Score History
You have not taken this quiz since the last reset